000 00326nam a2200133 i 4500
001 bg
100 1 _aKUKLIŃSKI, E.
245 0 _aWykonywanie izolacji termicznych w budownictwie /
_cE. Kukliński.
260 _aWarszawa,
_c1982.
040 _cBPK
041 _apol
942 _cKS
008 s pl f |000 0 pol
999 _c5227
_d5227
856 _uhttp://koha.tu.koszalin.pl/cgi-bin/koha/opac-detail.pl?biblionumber=5227
_yKatalog online BPK